| 000 -CABECERA |
| Longitud fija campo de control |
01265nam a2200373 a 4500 |
| 001 - NÚMERO DE CONTROL |
| Número de control |
991024691639706706 |
| 003 - IDENTIFICADOR DEL NÚMERO DE CONTROL |
| Identificador del número de control |
OSt |
| 005 - FECHA Y HORA DE LA ÚLTIMA TRANSACCIÓN |
| Fecha y hora de la última transacción |
20211202120202.0 |
| 008 - CÓDIGOS DE INFORMACIÓN DE LONGITUD FIJA |
| Códigos de información de longitud fija |
040426s2004 spc|||||| 000 f|cat |
| 015 ## - NÚMERO DE BIBLIOGRAFÍA NACIONAL |
| Número de bibliografía nacional |
LL2004 |
| Fuente |
bnc |
| 017 ## - NÚMERO DE COPYRIGHT O DE DEPÓSITO LEGAL |
| Número de copyright o de depósito legal |
DL B. 14311-2004 |
| Agencia que asigna el número |
Biblioteca de Catalunya |
| 020 ## - NÚMERO INTERNACIONAL NORMALIZADO PARA LIBROS |
| Número Internacional Normalizado para Libros (ISBN) |
8495616433 |
| 035 ## - NÚMERO DE CONTROL DEL SISTEMA |
| Número de control del sistema |
(ES-BaCBU)b31219123-34csuc_network |
| 035 ## - NÚMERO DE CONTROL DEL SISTEMA |
| Número de control del sistema |
(ES-BaCBU).b31219123 |
| 035 ## - NÚMERO DE CONTROL DEL SISTEMA |
| Número de control del sistema |
(ccuc001)b31219123 |
| 035 ## - NÚMERO DE CONTROL DEL SISTEMA |
| Número de control del sistema |
(OCoLC)803274542 |
| 040 ## - FUENTE DE LA CATALOGACIÓN |
| Centro catalogador de origen |
ES-BaBC |
| Lengua de catalogación |
cat |
| Centro transcriptor |
CDMR |
| 080 ## - NÚMERO DE LA CLASIFICACIÓN DECIMAL UNIVERSAL |
| Número de la Clasificación Decimal Universal |
849.9-3"19" |
| 100 1# - PUNTO DE ACCESO PRINCIPAL-NOMBRE DE PERSONA |
| Nombre de persona |
Bassas, Antoni |
| 9 (RLIN) |
771 |
| 245 10 - MENCIÓN DE TÍTULO |
| Título |
Alguna pregunta més? : |
| Resto del título |
antologia de 10 anys de disbarats / |
| Mención de responsabilidad, etc. |
Antoni Bassas, Carles Capdevila i l'equip APM |
| 260 ## - PUBLICACIÓN, DISTRIBUCIÓN, ETC. (PIE DE IMPRENTA) |
| Lugar de publicación, distribución, etc. |
Barcelona : |
| Nombre del editor, distribuidor, etc. |
La Campana, |
| Fecha de publicación, distribución, etc. |
2004 |
| 300 ## - DESCRIPCIÓN FÍSICA |
| Extensión |
242 p. ; |
| Dimensiones |
20 cm + |
| Material anejo |
1 disc òptic (CD) (12 cm) |
| 490 1# - MENCIÓN DE SERIE |
| Mención de serie |
Humor i sàtira ; |
| Designación de volumen o secuencia |
33 |
| 500 ## - NOTA GENERAL |
| Nota general |
Reimpressions: 2004 |
| 500 ## - NOTA GENERAL |
| Nota general |
Al llom: 228 |
| 630 #0 - PUNTO DE ACCESO ADICIONAL DE MATERIA - TÍTULO UNIFORME |
| 9 (RLIN) |
4753 |
| Título uniforme |
Alguna pregunta més? (Programa de ràdio) |
| 650 #0 - PUNTO DE ACCESO ADICIONAL DE MATERIA - TÉRMINO DE MATERIA |
| 9 (RLIN) |
3105 |
| Término de materia o nombre geográfico como elemento inicial |
Radiodifusió |
| Subdivisión geográfica |
Catalunya |
| Subdivisión de materia general |
Programes d'humor |
| 700 1# - PUNTO DE ACCESO ADICIONAL - NOMBRE DE PERSONA |
| Nombre de persona |
Capdevila, Carles, |
| 830 #0 - PUNTO DE ACCESO ADICIONAL DE SERIE - TÍTULO UNIFORME |
| Título uniforme |
Humor i sàtira ; |
| Designación de volumen o secuencia |
33 |
| 907 ## - ELEMENTO G DATOS LOCALES, GDL (RLIN) |
| a |
.b31219123 |
| b |
15-02-21 |
| c |
09-05-08 |
| d |
07-05-08 |
| e |
m |
| f |
a |
| g |
- |
| h |
cat |
| i |
spc |
| j |
0 |
| k |
6 |
| 908 ## - CONTROL DE PARÁMETROS (RLIN) |
| Parametro de comando lanzado |
BC |
| -- |
CLR |
| -- |
UAB |
| -- |
UPC |
| -- |
UVic-UCC |
| -- |
URL |
| 940 ## - |
| T&íacute;tulo uniforme |
<a href="BC">BC</a> |
| 942 ## - ENTRADA DE ELEMENTOS AGREGADOS (KOHA) |
| Fuente de clasificaión o esquema |
|
| Koha [por defecto] tipo de item |
Monografies |